|
|
|
|
| LEADER |
00918nam a22002651 4500 |
| 001 |
c000001128 |
| 003 |
CARM |
| 005 |
00000000000000.0 |
| 008 |
820315s1960 nyua b 00000 eng |
| 019 |
1 |
|
|a 2556711
|5 LACONCORD2021
|
| 035 |
|
|
|a (OCoLC)526376
|5 LACONCORD2021
|
| 040 |
|
|
|a DLC/ICU
|c ICU
|
| 050 |
0 |
0 |
|a QA251
|b .J3
|
| 100 |
1 |
|
|a Jaeger, Arno.
|
| 245 |
1 |
0 |
|a Introduction to analytic geometry and linear algebra.
|
| 260 |
|
|
|a New York,
|b Holt, Rinehart and Winston
|c [1960]
|
| 300 |
|
|
|a 305 p.
|b illus.
|c 24 cm.
|
| 504 |
|
|
|a Includes bibliography.
|
| 650 |
|
0 |
|a Algebras, Linear.
|
| 650 |
|
0 |
|a Geometry, Analytic.
|
| 650 |
|
0 |
|a Mathematical analysis.
|
| 852 |
8 |
|
|b CARM
|h A2:AE01F0
|i C00483
|p 0026898
|f BK
|
| 082 |
0 |
4 |
|a 512.897
|
| 999 |
f |
f |
|i eb264f21-83f0-5c3e-a902-c0794a3171ec
|s f97a6ed1-0cf6-5e5d-8484-13b113ba994d
|
| 952 |
f |
f |
|p Can circulate
|a CAVAL
|b CAVAL
|c CAVAL
|d CARM 1 Store
|e C00483
|f A2:AE01F0
|h Other scheme
|i book
|m 0026898
|